Negro zaíno / (Record no. 182832)

MARC details
000 -LEADER
campo de control de longitud fija 00904nam a2200253 i 4500
001 - NÚMERO DE CONTROL
campo de control 182832
003 - IDENTIFICADOR DE NÚMERO DE CONTROL
campo de control ES-MaACL
005 - FECHA Y HORA DE LA ÚLTIMA TRANSACCIÓN
campo de control 20250627063702.0
008 - DATOS DE LONGITUD FIJA--INFORMACIÓN GENERAL
campo de control de longitud fija 131108s2013 cc a |||| | spa d
020 ## - NÚMERO INTERNACIONAL ESTÁNDAR DEL LIBRO
Número Internacional Estándar del Libro 978-986-89433-0-8
080 ## - NÚMERO DE LA CLASIFICACIÓN DECIMAL UNIVERSAL
Número de la Clasificación Decimal Universal 7 Vera Cañizares, Santiago (083.824)
100 1# - ENTRADA PRINCIPAL--NOMBRE DE PERSONA
Nombre de persona Vera Cañizares, Santiago,
Fechas asociadas al nombre 1958-
9 (RLIN) 153804
245 10 - MENCIÓN DEL TÍTULO
Título Negro zaíno /
Mención de responsabilidad, etc. Santiago Vera ; texto, José Campos ; traducción, Lucía Yang.
260 ## - PUBLICACIÓN, DISTRIBUCIÓN, ETC.
Lugar de publicación, distribución, etc. Taichung :
Nombre del editor, distribuidor, etc. Catay,
Fecha de publicación, distribución, etc. [2013]
300 ## - DESCRIPCIÓN FÍSICA
Extensión 65 p. :
Otras características físicas principalmente il. col. ;
Dimensiones 23 cm.
546 ## - NOTA DE IDIOMA
Nota de lengua/lenguaje Texto en español y traducció al chino.
600 17 - PUNTO DE ACCESO ADICIONAL DE MATERIA--NOMBRE DE PERSONA
Nombre de persona Vera Cañizares, Santiago,
Fechas asociadas al nombre 1958-
Subdivisión general Exposiciones
Fuente del encabezamiento o término
9 (RLIN) 153805
655 #7 - TERMINO DE INDIZACIÓN--GENERO/FORMA
Fuente del término tgfbne
9 (RLIN) 193628
Datos o término principal de género/forma Catálogos de exposiciones
700 1# - ENTRADA AGREGADA--NOMBRE PERSONAL
Nombre de persona Campos Cañizares, José.
9 (RLIN) 138349
700 1# - ENTRADA AGREGADA--NOMBRE PERSONAL
Nombre de persona Yang, Lucía.
9 (RLIN) 153806
852 ## - LOCALIZACIÓN
Ubicación ES-MaACL
Número de control de estantería 2053-F-39
942 ## - ELEMENTOS DE ENTRADA SECUNDARIOS (KOHA)
Fuente del sistema de clasificación o colocación Clasificación decimal universal
Holdings
Estatus retirado Estado de pérdida Estado de daño No para préstamo Colección Biblioteca de origen Biblioteca actual Ubicación en estantería Fecha de adquisición Fuente de adquisición Total de préstamos Signatura topográfica completa Código de barras Visto por última vez Precio de reemplazo Tipo de ítem Koha
        Colección de folletos Biblioteca del Ateneo de Madrid Biblioteca del Ateneo de Madrid Depósito folletos 08/11/2013     2053-F-39 1192148 23/02/2023 23/02/2023 Folleto